Manual sobre protección al consumidor y el SERNAC financiero chileno

Salvato in:
Dettagli Bibliografici
Autore principale: Ahumada Durán, María Rebeca (autora)
Natura: Libro
Lingua:spagnolo
Pubblicazione: Santiago Ediciones Universidad Finis Terrae 2019
Edizione:1a. ed
Serie:Colección Derecho
Soggetti:
Tags: Aggiungi Tag
Nessun Tag, puoi essere il primo ad aggiungerne!!

MARC

LEADER 00000cam a2200000 a 4500
001 UCC9361
003 CL-VaPUC
005 20250505093611.0
008 190927e20190000cl |||||||||||||||||spa|d
020 |a 9789563910278 
040 |c Pontificia Universidad Católica de Valparaíso 
082 0 4 |a 343.071  |b AHU  |2 21 
100 |a Ahumada Durán, María Rebeca  |e autora  |9 349 
245 1 0 |a Manual sobre protección al consumidor y el SERNAC financiero chileno 
250 |a 1a. ed 
260 |a Santiago  |b Ediciones Universidad Finis Terrae  |c 2019 
300 |a 202 p 
490 0 |a Colección Derecho 
583 |a last modification  |c 20190927 15:31:00  |k Rodrigo Vera 
650 0 |a Consumidores  |9 315658 
650 0 |a Protección al consumidor  |9 255293 
650 0 |a Derecho y legislación   |9 255077 
942 |c BK 
945 |d 20190927 15:31:00  |a dcastane 
999 |c 375547  |d 375545 
952 |0 0  |1 0  |3 erb  |4 0  |6 343_071000000000000_AHU_2019  |7 0  |8 A  |9 494540  |a BIBDER  |b BIBDER  |i 5560721  |l 3  |m 1  |o 343.071 AHU 2019  |p 5560721  |r 2025-01-24  |s 2025-01-21  |w 2019-11-24  |y BK  |z Catalogado en:20190927  |k DER